| 000 | 00977cam a2200229 4500 | ||
|---|---|---|---|
| 001 | WB3711-21 | ||
| 008 | 000000n2001 000 0 eng u | ||
| 035 | _a(Sirsi) u111376 | ||
| 245 | _aCountrywide Teramedia stake | ||
| 260 | _c2001 | ||
| 490 |
_aSunday Telegraph _v11 March 2001, 11(1) |
||
| 520 | _aCountrywide Assured has invested £9.6m in Teramedia, provider of a UK electronic conveyancing infrastructure. The move enhances Countrywide's position in the housing market and prepares the group for the launch of the sellers' information packs. | ||
| 590 | _aWB | ||
| 650 | _aCOUNTRYWIDE ASSURED | ||
| 650 | _aTERAMEDIA | ||
| 650 | _aECONVEYANCING | ||
| 650 | _aSELLERS INFORMATION PACKS | ||
| 650 | _aPROPERTY-RESIDENTIAL PROPERTY-ACQUISITION AND DISPOSAL OF RESIDENTIAL PROPERTY | ||
| 650 | _aPROPERTY-RESIDENTIAL PROPERTY-ACQUISITION AND DISPOSAL OF RESIDENTIAL PROPERTY | ||
| 690 | _aMANAGEMENT-BUSINESS MANAGEMENT-INFORMATION MANAGEMENT | ||
| 942 | _n0 | ||
| 999 |
_c66352 _d66352 |
||